Parole più frequenti nel I canto della "Divina Commedia" - Statistics

Statistiche generali
  • Questo quiz è stato fatto 81 volte
  • Il punteggio medio è 12 su 20
Statistiche sulle risposte
Posizione Occorrenze Parola % Corretto
1 43 E
93%
5 22 A
90%
14 9 I
90%
4 23 L
86%
6 20 DI
77%
3 26 LA
68%
17 7 NEL
66%
9 12 MI
64%
8 16 PER
63%
7 17 CH
58%
17 7 DEL
58%
15 8 LO
58%
9 12 IO
55%
12 11 TU
48%
2 41 CHE
47%
13 10 CON
45%
15 8 ERA
44%
9 12 NON
36%
17 7 LI
34%
17 7 SUA
5%
Nessun quiz corrispondente trovato
Distribuzione punteggi
Percentuale di utenti per punteggio
Percentile per numero di risposta
I tuoi punteggi nel tempo
Non hai fatto questo quiz